| 000 | 00637cam a2200193 4500 | ||
|---|---|---|---|
| 005 | 20220228134347.0 | ||
| 008 | 220228b mx ||||| |||| 00| 0 spa d | ||
| 050 | 4 |
_aF1233.5 _bH58 1960 |
|
| 100 | 1 | _aCosío Villegas, Daniel | |
| 245 | 0 |
_aHistoria moderna de México : el porfiriato / _cDaniel Cosío Villegas. |
|
| 250 | _a1a ed. | ||
| 260 |
_aMéxico : _bHermes, _c1960 |
||
| 300 |
_a2v, ; _c24 cm. |
||
| 500 | _a1 ejemplar 1a y 2a parte | ||
| 504 | _aIcluye bibliografía | ||
| 505 | _aContenido: 1a y 2a parte Vida política exterior | ||
| 650 | 4 |
_aHistoria de méxico _xPorfiriato _xPolítica exterior |
|
| 942 |
_2lcc _cLIB |
||
| 999 |
_c121959 _d121959 |
||